000 01912nam0a2200385 4500
001 RU\NLR\bibl\8931
005 20260407055318.0
010 _a5-02-018021-1
_9250
021 _aRU
_b98-12190
_9575
035 _a(NLR Aleph) 000008730
090 _a28035
_c28035
100 _a19981130d1998 |||y0rusy50 ca
101 0 _arus
_deng
_erus
_eeng
_feng
102 _aRU
105 _ay |||||||||
200 1 _aЯпония: переворачивая страницу
_dJapan: Turning the Page
_e[Проект]
_fЦентр по изуч. соврем. Японии и др.
_g[Отв. ред. В.Б. Рамзес, д.э.н.]
_zeng
210 _aМ.
_cИзд. фирма "Вост. лит." РАН
_d1998
215 _a202,[5] с.
_d21
300 _aВ надзаг также: Ин-т мир. экономики и междунар. отношений РАН, Яп. фонд
300 _aРез. на англ. яз.
320 _aБиблиогр. в прим. в конце ст.
510 0 _aJapan: Turning the Page
_zeng
607 _aЯпония
_jСборники
_xНародное хозяйство
_9908116
_3RU\NLR\auth\6611470
607 _aЯпония
_jСборники
_xИстория
_z1990-ые гг.
_92079624
_3RU\NLR\auth\661255515
607 _aЯпония
_jСборники
_xВнешняя политика
_z1990-ые гг.
_92081390
_3RU\NLR\auth\661257368
686 _aУ03(5Я)63я43
686 _aТ3(5Я)63я43
702 1 _4340
_8rus
_7ca
_aРамзес
_bВ. Б.
_f1933-2008
_gВадим Борисович
_3RU\NLR\auth\777657
_9117589
712 0 2 _4570
_aЦентр по изучению современной Японии
_cМосква
_3RU\NLR\AUTH\889973877
_9444521
712 0 2 _4570
_aЯпонский фонд
_cТокио
_3RU\NLR\AUTH\8810025832
_9549894
801 0 _aRU
_bNLR
_c19981130
_gPSBO
801 1 _aRU
_bNLR
_c19981130
852 _aNLR
_j98-5/1253
942 _cBOOK
980 _aNB